Catálogo
Digital

Catálogo
Digital

Derechos y garantías constitucionales en el Ecuador : Evolución y actualidad (Record no. 14125)

MARC details
000 -CABECERA
campo de control de longitud fija 01755nam a2200301 4500
003 - IDENTIFICADOR DEL NÚMERO DE CONTROL
campo de control EC-UNACH
005 - FECHA Y HORA DE LA ÚLTIMA TRANSACCIÓN
campo de control 20251030123641.0
006 - CÓDIGOS DE INFORMACIÓN DE LONGITUD FIJA--CARACTERÍSTICAS DEL MATERIAL ADICIONAL
campo de control de longitud fija s||||gr|||| 00| 00
008 - DATOS DE LONGITUD FIJA--INFORMACIÓN GENERAL
campo de control de longitud fija 150116t9999 mx r gr 000 0 spa d
020 ## - NÚMERO INTERNACIONAL ESTÁNDAR DEL LIBRO
Número Internacional Estándar del Libro 978-9978-86-766-2
040 ## - FUENTE DE LA CATALOGACIÓN
Centro catalogador/agencia de origen EC-UNACH
Centro/agencia transcriptor EC-UNACH
041 ## - CÓDIGO DE LENGUA
Código de lengua del texto/banda sonora o título independiente spa
082 04 - NÚMERO DE LA CLASIFICACIÓN DECIMAL DEWEY
Número de edición 23
Número de clasificación 340
Número de documento/Ítem L017883
110 ## - ENTRADA PRINCIPAL--NOMBRE DE ENTIDAD CORPORATIVA
Nombre de entidad corporativa o nombre de jurisdicción como elemento de entrada Corporación de Estudios y Publicaciones
245 ## - MENCIÓN DE TÍTULO
Título Derechos y garantías constitucionales en el Ecuador : Evolución y actualidad
250 ## - MENCIÓN DE EDICIÓN
Mención de edición Primera edición
264 ## - Producción, publicación, distribución, fabricación y copyright
Lugar de producción, publicación, distribución, fabricación Quito - Ecuador
Nombre del de productor, editor, distribuidor, fabricante Corporación de Estudios y Publicaciones
Fecha de de producción, publicación, distribución, fabricación o copyright 2008
300 ## - DESCRIPCIÓN FÍSICA
Extensión 489 páginas
Otras características físicas Cuadros, Tablas
505 ## - NOTA DE CONTENIDO CON FORMATO
Nota de contenido con formato <br/>Antecedentes y circunstancias de la génesis de la constitución de 2008.-- Visión General.- Características relevantes.-- Análisis del contenido de la constitución de 2008.-- Derechos.-- Derechos de las personas y grupos de atención prioritaria.-- Derechos de las comunidades, pueblos y nacionalidades.-- Derechos de participación.-- Derechos de libertad.-- Derechos de la naturaleza.-- Derechos de protección.-- Responsabilidades.-- Garantías constitucionales.-- Participación y organización del poder.-- Organización territorial del estado.-- Régimen de desarrollo.-- Régimen del buen vivir.-- Biodiversidad y recursos naturales.-- Relaciones internacionales.-- Supremacía de la constitución.-- Disposiciones transitorias.-- Régimen de transición.-- Mandatos constituyentes.
650 ## - PUNTO DE ACCESO ADICIONAL DE MATERIA--TÉRMINO DE MATERIA
Término de materia o nombre geográfico como elemento inicial DERECHOS CONSTITUCIONALES
650 ## - PUNTO DE ACCESO ADICIONAL DE MATERIA--TÉRMINO DE MATERIA
Término de materia o nombre geográfico como elemento inicial GARANTIAS CONSTITUCIONALES
650 ## - PUNTO DE ACCESO ADICIONAL DE MATERIA--TÉRMINO DE MATERIA
Término de materia o nombre geográfico como elemento inicial RELACIONES INTERNACIONALES
700 ## - PUNTO DE ACCESO ADICIONAL--NOMBRE DE PERSONA
Nombre de persona Ramón Eduardo, Burneo
942 ## - ELEMENTOS DE PUNTO DE ACCESO ADICIONAL (KOHA)
Fuente del sistema de clasificación o colocación Clasificación Decimal Dewey
Tipo de ítem Koha Libros
999 ## - NÚMEROS DE CONTROL DE SISTEMA (KOHA)
Koha biblionumber 14125
Holdings
Estado de pérdida Fuente del sistema de clasificación o colocación Estado dañado No para préstamo Localización permanente Ubicación/localización actual Ubicación en estantería Fecha de adquisición Fuente de adquisición Número de inventario Total de préstamos Signatura topográfica completa Código de barras Fecha visto por última vez Número de copia Precio válido a partir de Tipo de ítem Koha Centro de costos
  Clasificación Decimal Dewey     Biblioteca Campus Norte Biblioteca Campus Norte Derecho 30/10/2025 Disposición Transitoria SEGUNDA. Resolución No. 0311-CU-UNACH-SE-ORD-16-09-2024 39932756   340 BUR L017883 L017883 30/10/2025 Ej: 01 30/10/2025 Libros  

Powered by Koha